Estatísticas para Países com Mais Falantes de Árabe

Clique aqui para jogar o quiz

Estatísticas Gerais

  • Esse quiz foi jogado 2 261 vezes
  • A pontuação média é 8 de 10

Estatísticas das Respostas

#%País% Correto
22 mi73Arábia Saudita
98%
94 mi93Egito
91%
30 mi75Iraque
88%
17 mi92Síria
81%
28 mi94Iémen
76%
26 mi72Marrocos
76%
31 mi72Argélia
75%
9.9 mi98Jordânia
68%
11 mi98Tunísia
67%
30 mi70Sudão
60%

Distribuição das Pontuações

Percentil de Números Respondidos

Porcentagem de Pessoas com Cada Pontuação

Sua Pontuação Histórica

Você não jogou esse quiz